1238 1345 1526 1421 1352 1713 1435 1235 1278 1407 1737 1155 1169 1130 1021 1730 1803 1382 1616 1307 1826 1686 1882 1083 1331 1234 1379 1266 1648 1056 1069 1930 1861 1199 1113 1445 1528 1201 1050 1569 1775 1451 1193 1703 1113 1511 1546 1054 1752 1884 1761 1805 1459 1698 1290 1892 1069 1218 1059 1103 1681 1356 1054 1634 1664 1671 1846 1714 1482 1815 1678 1837 1048 1009 1977 1282 1728 1885 1048 1589 1035 1137 1737 1185 1262 1990 1706 1688 1882 1863 1812 1516 1783 1323 1919 1543 1173 1835 1532 BCNSPRNW ULIB Ver.6.0+V

เปลี่ยนเป็นภาษาไทย

Change to English
 แสดงรายละเอียดบรรณานุกรม
  กลับหน้าหลัก

Brief Record : Get Marc (ISO 2709) : E-mail record : QR code < ปิดหน้าต่าง
LEADER : 00000nam 2200000uu 4500
001    13399121786
003     ULIB
008    121207s2551||||th 000 0 tha d
020    ^a9789749796917
050 04 ^aPL4178^bพ992ส
100 0  ^aไพโรจน์ อยู่มณเฑียร
245 10 ^aสำนวนไทยใช้ให้เป็น /^cโดย ไพโรจน์ อยู่มณเฑียร
250    ^aพิมพ์ครั้งที่ 5
260    ^aกรุงเทพฯ :^bทฤษฎี,^c2551
300    ^a183 หน้า ;^c18 ซม
650  7 ^aสุภาษิตและคำพังเพยไทย
650  7 ^aภาษาไทย^xสำนวนโวหาร
945    ^p90^l0^i16470
995    ^aทศพร
999    ^aทศพร เกษรทอง
รายการนี้ยังไม่มีแท็ก
คุณยังไม่ได้ล็อกอิน คุณสามารถมีกิจกรรมร่วมกับเว็บไซต์ได้ แต่ต้องล็อกอินก่อน ::
  ล็อกอิน

รายการสื่อสารสนเทศ

ลำดับที่ ประเภท เลขเรียก/บาร์โค้ด สถานที่ สถานะ
1. วิทยาศาสตร์การแพทย์ และสุขภาพ
วิทยาศาสตร์การแพทย์ และสุขภาพ
PL4178 พ992ส ฉ.1 
  Barcode: 16470
ห้องสมุดวิทยาเขตสวรรค์ประชารักษ์
►หนังสือทั่วไป
บนชั้น

รายการใกล้เคียง
    ผู้แต่ง [ไพโรจน์ อยู่มณเฑียร]

    หัวเรื่อง [สุภาษิตและคำพังเพยไทย]

BibComment


ยังไม่เคยถูกคอมเมนท์

คอมเมนท์ทรัพยากรรายการนี้
  คอมเมนท์: สำนวนไทยใช้ให้เป..


 Copyright 2026. Bcnsprnw @Library